| 000 | 00845cam a22002651 4500 | ||
|---|---|---|---|
| 001 | 17700 | ||
| 003 | BD-RjUL | ||
| 005 | 20211209000159.0 | ||
| 008 | 140217s1936 nyuaef 001 0 eng | ||
| 035 | _a(BD-RjUL)17758 | ||
| 035 | _a(OCoLC)970295 | ||
| 040 |
_aDLC _cOOxM _dOCoLC _dDLC _dBD-RjUL _beng |
||
| 041 | _aeng | ||
| 082 |
_a720.973 _bTAS 1936 |
||
| 100 | 1 |
_aTallmadge, Thomas E. _q(Thomas Eddy), _d1876-1940. _954569 |
|
| 245 | 1 | 4 |
_aThe story of architecture in America / _cby Thomas E. Tallmadge. |
| 250 | _aNew, enl. and rev. ed. | ||
| 260 |
_aNew York : _bW.W. Norton & Company, inc., _cc1936. |
||
| 300 |
_axi p., 1 l., 332 p. : _bfront., illus. (plans) plates. ; _c23 cm. |
||
| 504 | _aIncludes Index. | ||
| 650 | 0 |
_aArchitecture _zUnited States. _950899 |
|
| 942 |
_2ddc _cBK |
||
| 999 |
_c17700 _d17700 |
||